00474nam a2200205Ia 4500003000400000005001700004006001900021007000300040008004100043024001100084037001200095040001800107041001300125082001900138100001700157245006900174250000800243260000900251300000800260OSt20221007115528.0a|||||r|||| 00| 0 ta221006b |||||||| |||| 00| 0 eng d a37,352 cTextual aLCOcLCObeng 2engaeng aX:517:(Z2), Q4 aRAMAPPA (T.) 0aCompetition Law in India b Policy, Issues, and Developments  a3rd c2014 a355